Ekonomické aspekty proliferácie nukleárnych zbraní

Teoretické vymedzenie dopadov proliferácie nukleárnych zbraní na ekonomický systém štátu prostredníctvom charakteristiky hlavných krátkodobých a dlhodobých nákladov spojených s udržiavaním vojenského nukleárneho programu. Ekonomické výdavky a náklady spojené s nukleárnym arzenálom USA.

Salvato in:
Dettagli Bibliografici
Autore principale: Adašková, Daša
Natura: Capitolo di libro
Lingua:slovacco
Soggetti:
Tags: Aggiungi Tag
Nessun Tag, puoi essere il primo ad aggiungerne!!

MARC

LEADER 00000nla a2200000 4500
001 0180901
005 20240502073108.3
041 0 |a slo 
044 |a SK 
245 1 0 |a Ekonomické aspekty proliferácie nukleárnych zbraní  |c Daša Adašková 
520 |a Teoretické vymedzenie dopadov proliferácie nukleárnych zbraní na ekonomický systém štátu prostredníctvom charakteristiky hlavných krátkodobých a dlhodobých nákladov spojených s udržiavaním vojenského nukleárneho programu. Ekonomické výdavky a náklady spojené s nukleárnym arzenálom USA. 
610 2 0 |a vojenstvo 
610 2 0 |a zbrane 
610 2 0 |a USA 
610 2 0 |a náklady 
610 2 0 |a výdavky na obranu a bezpečnosť 
100 1 |a Adašková, Daša